[Event "National Open"]
[Site "Las Vegas USA"]
[Date "2004.06.18"]
[Round "1"]
[White "West,V"]
[Black "Blatny,P"]
[Result "1/2-1/2"]
[WhiteElo "2098"]
[BlackElo "2451"]

1.e4 b6 2.d4 Bb7 3.Nc3 e6 4.Nf3 Bb4 5.Bd3 Nf6 6.Qe2 d5 7.e5 Ne4 8.Bd2 Nxd2
9.Nxd2 Be7 10.f4 g6 11.Nd1 c5 12.c3 cxd4 13.cxd4 Nc6 14.Nf3 Nb4 15.Bb5+ Bc6
16.a3 Qd7 17.Bxc6 Nxc6 18.O-O Na5 19.Ne3 Nb3 20.Rad1 Qa4 21.Qc2 Qb5 22.a4 Qxa4
23.Rd3 Nc5 24.dxc5 Qxc2 25.Nxc2 bxc5 26.Ra3 O-O 27.Ra5 Rfb8 28.Rb1 Rb7 29.Ne3 Rab8
30.Nd1 c4 31.Rba1 Bb4 32.Ra6 Bc5+ 33.Kf1 h6 34.Rc6 Bb6 35.Ra3 g5 36.fxg5 hxg5
37.Nxg5 Bd4 38.Nf3 Bxb2 39.Nxb2 Rxb2 40.Rxa7 Rc2 41.Ne1 Rc1 42.Ra2 Rbb1 43.Re2 d4
44.Kf2 d3 45.Nxd3 cxd3 46.Rxc1 Rxc1 47.Rd2 Rc5 48.Rxd3 Rxe5 49.Kf3 Rh5 50.h3 Kg7
51.Rd4 f5 52.Ra4 Kf6 53.Ra5 Rh4 54.Rb5 Ra4 55.g3 Ra3+ 56.Kf2 Ra2+ 57.Kf3 e5
58.h4 Ke6 59.Ke3 Ra6 60.Kf3 Ra4 61.Rb6+ Kd5 62.Rf6 Ra3+ 63.Kf2 Ra2+ 64.Ke3 Ra3+
65.Kf2 Ke4 66.h5 Ra2+ 67.Kg1 Ra1+ 68.Kg2 Ra2+ 69.Kg1 Ra1+ 70.Kf2 Ra7 71.h6 Rh7
72.Kg2 Rh8 73.Kf2 Rh7 74.Kg2 Kd4 75.Kf3 Rh8 76.Rd6+ Kc5 77.Rf6 Kd5 78.Ke3 Rh7
79.Kf3 Kd4 80.Rd6+ Kc5 81.Rf6 Kd5 82.Ke3  1/2-1/2

[Event "Skanska Open"]
[Site "Pardubice CZE"]
[Date "2004.07.31"]
[Round "9"]
[White "Sulskis,S"]
[Black "Blatny,P"]
[Result "1/2-1/2"]
[WhiteElo "2557"]
[BlackElo "2460"]

1.e4 e5 2.Nf3 Nc6 3.d4 exd4 4.Nxd4 Bc5 5.Nxc6 Qf6 6.Qf3 Qxf3 7.gxf3 bxc6
8.Be3 Bxe3 9.fxe3 Ne7 10.Nc3 d6 11.Kf2 Be6 12.h4 Rb8 13.b3 O-O 14.Be2 f5
15.Rad1 Rbe8 16.Rd4 fxe4 17.Rxe4 Nf5 18.Ra4 d5 19.Rxa7 d4 20.exd4 Nxd4 21.Rxc7 Bg4
22.Rg1 h5 23.Rg3 Kh8 24.a4 Nf5 25.fxg4 Nxg3+ 26.Kxg3 Re3+ 27.Kg2 Rxc3 28.Bd3 hxg4
29.a5 Ra8 30.b4 Kg8 31.h5 Kf8 32.Rb7 c5 33.a6 c4 34.a7 cxd3 35.cxd3 Rxa7
36.Rxa7 Rxd3 37.b5 Rb3 38.Rb7 Kg8 39.b6 Kh7 40.Rb8 g6 41.hxg6+  1/2-1/2

[Event "23rd NAO-OCF"]
[Site "Oklahoma USA"]
[Date "2004.09.05"]
[Round "5"]
[White "Movsisyan,M"]
[Black "Blatny,P"]
[Result "1/2-1/2"]
[WhiteElo "2342"]
[BlackElo "2460"]

1.e4 g6 2.d4 c6 3.Nc3 d5 4.e5 h5 5.h4 a5 6.Nh3 Na6 7.Ng5 f6 8.Bd3 fxg5 9.Bxg6+ Kd7
10.Bxg5 Kc7 11.Bxh5 Bh6 12.f4 Qf8 13.Qf3 Bf5 14.g4 Nb4 15.gxf5 Nxc2+ 16.Kd2 Nxd4
17.Qd3 Nxf5 18.Bg4 e6 19.Bxf5 Qxf5 20.Qxf5 exf5 21.Rac1 Kd7 22.Na4 Re8 23.Nc5+ Kc7
24.Nb3 Bxg5 25.hxg5 Ne7 26.Nd4 Ng6 27.Ke3 Kb6 28.Rh6 Rhg8 29.Nxf5 Nxe5 30.fxe5 Rxe5+
31.Kf4 Re4+ 32.Kf3 Rxg5 33.Ne3 Re8 34.Rd1 Rf8+ 35.Ke2 Rd8 36.Rd4 Re8 37.Kd2 Kc5
38.Rg4 Rge5 39.Rh3 Rf8 40.Rh2 Re6 41.Nc2 Kb6 42.Nd4 Re7 43.a4 Rf1 44.Re2 Rh7
45.Kc2 Rf6 46.Rg3 Rf4 47.Rb3+ Ka7 48.Rd3 Rhh4 49.Red2 Re4 50.b3 Kb6 51.Kc3 Kc5
52.Nf3 Rhf4 53.Nd4 Rg4 54.Rd1 Rg2 55.R1d2 Rxd2 56.Rxd2 b5 57.axb5 cxb5 58.Nxb5 Re3+
59.Kb2 Kxb5 60.Rxd5+  1/2-1/2

[Event "Extraliga CZE 2004-5"]
[Site "Czech Rep CZE"]
[Date "2005.01.15"]
[Round "5"]
[White "Langner,L"]
[Black "Blatny,P"]
[Result "0-1"]
[WhiteElo "2407"]
[BlackElo "2456"]

1.e4 b6 2.d4 Bb7 3.Bd3 Nf6 4.Nd2 e6 5.Ne2 c5 6.c3 cxd4 7.cxd4 d5 8.e5 Nfd7
9.Qa4 a5 10.Nc3 Nc6 11.O-O Bb4 12.Nb5 O-O 13.f4 Ba6 14.a3 Bc5 15.Nf3 Be7
16.Bd2 Na7 17.Rfc1 Nb8 18.Nxa7 Bxd3 19.Rc8 b5 20.Rxd8 bxa4 21.Rxf8+ Bxf8
22.Nc8 Nd7 23.Nd6 Bxd6 24.exd6 f6 25.Ne1 Bc4 26.Nc2 g6 27.Ne3 Nb6 28.Re1 Kf7
29.Ng4 Bb5 30.f5 gxf5 31.Nh6+ Kg6 32.Rxe6 Nc4 33.Bf4 Re8 34.Rxe8 Bxe8 35.h4 Bd7
36.Ng8 Kf7 37.Ne7 Ke6 38.h5 Nxb2 39.h6 Be8 40.Nc8 Nc4 41.Bc1 Bd7 42.Na7 Kxd6
43.Bf4+ Ke7 44.Bc7 Nxa3 45.Bxa5 Nc4 46.Bb4+ Kd8 47.Kf2 Kc7  0-1

[Event "Millennium Open"]
[Site "Virginia Beach USA"]
[Date "2005.02.25"]
[Round "1"]
[White "Chalabashvili,T"]
[Black "Blatny,P"]
[Result "0-1"]
[WhiteElo "2039"]
[BlackElo "2456"]

1.e4 b6 2.d4 Bb7 3.Nc3 e6 4.g3 Bb4 5.Bg2 f5 6.f3 fxe4 7.fxe4 Nf6 8.Bg5 O-O
9.Ne2 h6 10.Bxf6 Qxf6 11.Rf1 Qg5 12.Rxf8+ Kxf8 13.Qd2 Nc6 14.Qxg5 hxg5 15.O-O-O Bxc3
16.bxc3 Na5 17.Rf1+ Ke7 18.Rf2 Nc4 19.Ng1 Ne3 20.Nh3 Rb8 21.Nxg5  0-1

[Event "Millennium Open"]
[Site "Virginia Beach USA"]
[Date "2005.02.26"]
[Round "2"]
[White "Blatny,P"]
[Black "Potter,JR"]
[Result "1-0"]
[WhiteElo "2456"]
[BlackElo "2257"]

1.g3 d5 2.Bg2 Nf6 3.c4 e6 4.Nf3 Nc6 5.b3 d4 6.d3 e5 7.O-O Bf5 8.b4 Bxb4 9.Nxe5 Nxe5
10.Qa4+ Nc6 11.Bxc6+ bxc6 12.Qxb4 Rb8 13.Qc5 Bh3 14.Qxc6+ Kf8 15.Qc5+ Kg8
16.Re1 h5 17.Bf4 h4 18.Qxc7 Qxc7 19.Bxc7 Rb2 20.Na3 hxg3 21.Bxg3 Bg4 22.f3 Bf5
23.Nb5 Nh5 24.Be5 Rh6 25.Bxd4 Rg6+ 26.Kf2 Rd2 27.Ke3 Rc2 28.Na3 Re6+ 29.Kf2 Rd2
30.Bc3 Nf4 31.Bxd2 Nh3+ 32.Kf1 Rg6 33.e4 Rg1+ 34.Ke2 Rg2+ 35.Ke3 Bd7 36.Re2  1-0

[Event "Extraliga CZE 2004-5"]
[Site "Czech Rep CZE"]
[Date "2005.03.19"]
[Round "8"]
[White "Suran,J"]
[Black "Blatny,P"]
[Result "0-1"]
[WhiteElo "2394"]
[BlackElo "2456"]

1.e4 g6 2.d4 c6 3.c4 d6 4.Nc3 e5 5.Nf3 Bg7 6.Be2 Bg4 7.Be3 Nd7 8.O-O h5 9.d5 Bxf3
10.dxc6 bxc6 11.Bxf3 Qc7 12.c5 Nxc5 13.Bxc5 dxc5 14.Na4 Nf6 15.Nxc5 O-O 16.Qc2 Rfd8
17.Rfd1 Ne8 18.Be2 Nd6 19.h4 Nb5 20.Nb3 Nd4 21.Nxd4 exd4 22.Bc4 Re8 23.e5 Kh7
24.Rxd4 Rxe5 25.g3 Rae8 26.Rd2 c5 27.Bd5 Bh6 28.Rd3 Re2 29.Qd1 c4 30.Rf3 f5
31.Qd4 Rc8 32.Rc3 Rd2 33.Qxc4 Qb6 34.Qf1 Rxc3  0-1

[Event "Extraliga CZE 2004-5"]
[Site "Czech Rep CZE"]
[Date "2005.03.20"]
[Round "9"]
[White "Blatny,P"]
[Black "Kotan,L"]
[Result "1-0"]
[WhiteElo "2456"]
[BlackElo "2326"]

1.g3 d5 2.Bg2 c6 3.b3 Bf5 4.Bb2 e6 5.e3 Nf6 6.d3 Be7 7.Nd2 h6 8.Ne2 O-O 9.h3 a5
10.a3 a4 11.b4 Nbd7 12.g4 Bh7 13.Ng3 c5 14.bxc5 Nxc5 15.h4 Ne8 16.g5 hxg5
17.hxg5 Bg6 18.f4 f6 19.Qg4 f5 20.Qe2 Qa5 21.Kf2 Nd7 22.Nf3 Nd6 23.Nh4 Be8
24.Bf3 Rc8 25.Bh5 Qc7 26.Rac1 Nb5 27.Bxe8 Rfxe8 28.Qh5 d4 29.Nhxf5 dxe3+
30.Kg1 exf5 31.g6  1-0

[Event "Open A"]
[Site "Pardubice CZE"]
[Date "2005.07.22"]
[Round "1"]
[White "Blatny,P"]
[Black "Hermann,Man"]
[Result "1/2-1/2"]
[WhiteElo "2533"]
[BlackElo "2317"]

1.g3 d5 2.Bg2 c6 3.b3 Nf6 4.Bb2 Bf5 5.e3 e6 6.d3 Be7 7.Nd2 O-O 8.h3 h6 9.Ne2 a5
10.g4 Bh7 11.Ng3 Ne8 12.a3 Nd7 13.f4 Bh4 14.Qf3 Nd6 15.O-O Bf6 16.Bxf6 Qxf6
17.Ra2 Qc3 18.Nb1 Qf6 19.e4 dxe4 20.dxe4 e5 21.Nh5 Qe7 22.f5 f6 23.Kh1 Kh8
24.Rg1 Bg8 25.Qe3 Nb5 26.c4 Nd4 27.Bf1 Nc5 28.Rh2 Ndxb3 29.h4 Bf7 30.Ng3 Rfd8
31.g5 Qf8 32.Be2 Rd4 33.gxf6 gxf6 34.Rhg2 Rad8 35.Nc3 Rd3 36.Bxd3 Rxd3 37.Qe1 Nd4
38.Qc1 Ncb3 39.Qb2 Bxc4 40.Nh5 Rh3+ 41.Rh2 Rxh2+ 42.Qxh2 Nf3 43.Qg3 Nxg1
44.Kxg1 Qf7 45.Qg6 Qxg6+ 46.fxg6 Nc5 47.Nxf6 Kg7 48.Ng4 Be6 49.Nxe5 Nd7 50.Nd3 Kxg6
51.Kf2 Kf6 52.Nf4 b5 53.Ke3 b4 54.axb4 axb4 55.Na4 c5 56.Nd3 b3 57.Kd2 c4
58.Ndb2 Ke5 59.Kc3 Kxe4 60.Nxc4 Bxc4 61.Kxc4 Kf4 62.Kxb3 Kg4 63.Kc2 Kxh4
64.Kd2 Kg3 65.Ke2 h5 66.Kf1 h4 67.Nc3 Ne5 68.Ne2+ Kg4  1/2-1/2

[Event "Open A"]
[Site "Pardubice CZE"]
[Date "2005.07.24"]
[Round "3"]
[White "Blatny,P"]
[Black "Chrz,P"]
[Result "1-0"]
[WhiteElo "2533"]
[BlackElo "2129"]

1.d4 Nf6 2.Nf3 g6 3.Nc3 Bg7 4.e4 d6 5.Be2 O-O 6.O-O c6 7.a4 b6 8.Bf4 Bb7
9.Qd2 d5 10.e5 Ne4 11.Qe3 c5 12.dxc5 Nxc5 13.Rfd1 Ne6 14.Nxd5 Bxd5 15.c4 Nxf4
16.Qxf4 Nd7 17.cxd5 Qb8 18.d6 exd6 19.exd6 Bxb2 20.Ra2 Bg7 21.Bc4 a6 22.Re2 Ra7
23.Re7 Nf6 24.Ne5 Nh5 25.Bxf7+ Kh8 26.Qe3 Rd8 27.Nc6 Rxe7 28.Qxe7 Bf6 29.Qxd8+  1-0

[Event "Open A"]
[Site "Pardubice CZE"]
[Date "2005.07.27"]
[Round "6"]
[White "Zaitsev,Va"]
[Black "Blatny,P"]
[Result "1/2-1/2"]
[WhiteElo "2370"]
[BlackElo "2533"]

1.e4 g6 2.d4 c6 3.Nf3 d6 4.Bd3 Bg7 5.O-O Bg4 6.c3 e5 7.Be3 Nd7 8.Nbd2 h6
9.Qb3 Qc7 10.Bc4 Nb6 11.dxe5 dxe5 12.Bc5 Bxf3 13.Nxf3 Nxc4 14.Qxc4 b6 15.Ba3 Nf6
16.Nxe5 c5 17.Nf3 Nd7 18.b3 O-O 19.Rad1 Rfe8 20.Bc1 Ne5 21.Nxe5 Qxe5 22.Rd7 Qe6
23.Qxe6 Rxe6 24.f3 Bxc3 25.Bxh6 Bd4+ 26.Kh1 b5 27.Rd1 a5 28.Rd3 b4 29.Be3 Bxe3
30.Rxe3 a4 31.h4 Rc6 32.e5 axb3 33.axb3 Ra3 34.Kh2 c4 35.Re4 Rxb3 36.Rf4 Re3
37.Rdxf7 Rc8 38.Rb7 c3 39.Rf6 Rc5 40.Rxg6+ Kh8 41.Rh6+ Kg8 42.Rg6+  1/2-1/2

[Event "2nd Highlands Open A"]
[Site "Havlickuv Brod CZE"]
[Date "2005.09.26"]
[Round "3"]
[White "Blatny,P"]
[Black "Kovar,V"]
[Result "1-0"]
[WhiteElo "2533"]
[BlackElo "2205"]

1.g3 d5 2.Bg2 c6 3.b3 e5 4.Bb2 Nd7 5.e3 Ngf6 6.d3 Bb4+ 7.Nd2 Qe7 8.a3 Bc5
9.Ne2 Bb6 10.h3 Nf8 11.c4 Ng6 12.Qc2 Be6 13.b4 a5 14.c5 Bc7 15.O-O Qd7 16.Kh2 h5
17.Nf3 h4 18.Ng5 hxg3+ 19.Nxg3 Nh4 20.Nxe6 Qxe6 21.Rh1 Nxg2 22.Kxg2 Rh4 23.f4 axb4
24.fxe5 Bxe5 25.Bxe5 Qxe5 26.d4 Qg5 27.Qf5 Ne4 28.Qxg5 Nxg5 29.Nf5 Rh7 30.axb4 Rxa1
31.Rxa1 Ne4 32.Ra7 g6 33.Ng3 Nxg3 34.Kxg3 f6 35.b5 Re7 36.Kf2 Kf7 37.e4 dxe4
38.d5 e3+ 39.Ke1 cxd5 40.c6 b6 41.c7 d4 42.Rb7 d3 43.c8=Q d2+ 44.Ke2  1-0

[Event "2nd Highlands Open A"]
[Site "Havlickuv Brod CZE"]
[Date "2005.09.28"]
[Round "5"]
[White "Blatny,P"]
[Black "Cifka,S"]
[Result "1/2-1/2"]
[WhiteElo "2533"]
[BlackElo "2347"]

1.f4 g6 2.g3 Bg7 3.Bg2 d5 4.c4 c6 5.cxd5 cxd5 6.Qb3 Nf6 7.Nc3 e6 8.d3 d4
9.Bxb7 Bxb7 10.Qxb7 dxc3 11.Qxa8 Qb6 12.bxc3 Nd5 13.d4 O-O 14.Ba3 Qa5 15.Bxf8 Qxc3+
16.Kf1 Qxd4 17.Kg2 Ne3+ 18.Kf3 Nf5 19.Kg2 Ne3+  1/2-1/2

[Event "2nd Highlands Open A"]
[Site "Havlickuv Brod CZE"]
[Date "2005.09.29"]
[Round "6"]
[White "Petr,Ma"]
[Black "Blatny,P"]
[Result "1/2-1/2"]
[WhiteElo "2331"]
[BlackElo "2533"]

1.e4 g6 2.d4 c6 3.Nc3 d5 4.Nf3 Bg7 5.h3 Nf6 6.Bd3 dxe4 7.Nxe4 Nxe4 8.Bxe4 Nd7
9.O-O O-O 10.Re1 Qb6 11.c3 c5 12.dxc5 Nxc5 13.Bc2 Qc7 14.Qe2 Re8 15.Be3 Ne6
16.Rad1 Bd7 17.Bb3 a5 18.Qc4 Bc6 19.a4 Rec8 20.Nd4 Be8 21.Nxe6 Qxc4 22.Bxc4 Rxc4
23.Nxg7 Kxg7 24.b3 Rc6 25.Bd4+ Kf8 26.f4 f6 27.Re3 Rd8 28.Rde1 Rd7 29.Re6 Bf7
30.Rxc6 bxc6 31.Rb1 Rd5 32.Bb6 Rf5 33.Be3 Rd5 34.b4 Rd3 35.bxa5 Rxe3 36.a6 c5
37.Rd1 Re4 38.a7 Rxa4 39.Rd8+ Kg7 40.a8=Q Rxa8 41.Rxa8 h5 42.h4 Be6 43.Kf2 c4
44.Ra5 Bf5 45.Ke3 Bd3 46.Kd4 Kf7 47.Kd5 Bf1 48.Ra7 Bxg2+ 49.Kxc4 g5 50.fxg5 fxg5
51.Kd4 gxh4 52.Ke3 h3 53.Kf2 Ke6 54.Ra5 h4 55.Rh5 Kd6 56.Rxh4 Kc5 57.Rh8 Kc4
58.Rc8+ Kd3 59.c4 Bb7  1/2-1/2

[Event "2nd Highlands Open A"]
[Site "Havlickuv Brod CZE"]
[Date "2005.10.01"]
[Round "8"]
[White "Jasny,S"]
[Black "Blatny,P"]
[Result "1-0"]
[WhiteElo "2341"]
[BlackElo "2533"]

1.e4 b6 2.d4 Bb7 3.Bd3 g6 4.Nf3 Bg7 5.O-O e6 6.Re1 Ne7 7.Nbd2 d6 8.c3 Nd7
9.Nf1 h6 10.h3 a6 11.Bc2 c6 12.Be3 Qc7 13.Qe2 O-O 14.Rad1 Rae8 15.Qd2 Kh7
16.h4 Rd8 17.Ng3 e5 18.h5 Nf6 19.dxe5 dxe5 20.Qe2 c5 21.Bc1 c4 22.b3 b5 23.Ba3 Nfg8
24.bxc4 bxc4 25.Nd2 Rc8 26.Ndf1 Bf6 27.Ne3 a5 28.Nd5 Nxd5 29.exd5 Rfd8 30.Qg4 Bxd5
31.hxg6+ fxg6 32.Qxg6+ Kh8 33.Bf5 Rb8 34.Rxd5 Rxd5 35.Be6 Rd3 36.Bxg8 Qg7
37.Qxg7+ Bxg7 38.Bf7 Rxc3 39.Bd6 Rd8 40.Nf5 Rd3 41.Bxe5 Bxe5 42.Rxe5 Rc8
43.Re6  1-0

[Event "TCh-CZE Extraliga 2005-6"]
[Site "Czech Rep CZE"]
[Date "2005.10.15"]
[Round "?"]
[White "Biolek,R2"]
[Black "Blatny,P"]
[Result "1/2-1/2"]
[WhiteElo "2454"]
[BlackElo "2519"]

1.c4 e5 2.Nc3 d6 3.e4 Nc6 4.d3 g6 5.g3 h5 6.h4 Bh6 7.Bh3 Kf8 8.Kf1 Kg7 9.Kg2 Bxh3+
10.Nxh3 Bxc1 11.Rxc1 f6 12.Ne2 Qd7 13.f3 Nge7 14.d4 Nxd4 15.Nxd4 exd4 16.Qxd4 Nc6
17.Qd2 Ne5 18.Nf4 Rae8 19.c5 dxc5 20.Qxd7+ Nxd7 21.Rhd1 Ne5 22.Rxc5 c6 23.Rc2  1/2-1/2

[Event "TCh-CZE Extraliga 2005-6"]
[Site "Czech Rep CZE"]
[Date "2005.10.16"]
[Round "2"]
[White "Blatny,P"]
[Black "Vokac,M"]
[Result "1/2-1/2"]
[WhiteElo "2519"]
[BlackElo "2445"]

1.b3 e5 2.Bb2 Nc6 3.e3 d6 4.g3 Nf6 5.Bg2 g6 6.Ne2 Bg7 7.d3 O-O 8.Nd2 Re8
9.h3 Be6 10.g4 h5 11.g5 Nh7 12.h4 f6 13.gxf6 Bxf6 14.Nf3 Bg4 15.Nh2 Be6 16.d4 Bf7
17.Qd2 a5 18.d5 Ne7 19.e4 a4 20.O-O-O axb3 21.axb3 c6 22.dxc6 Nxc6 23.Nf3 Qb6
24.Nc3 Nb4 25.Bh3 d5 26.exd5 e4 27.Nd4 Na2+ 28.Kb1 Nxc3+ 29.Qxc3 Rad8 30.Qe3 Rxd5
31.c4 Rdd8 32.Nb5 Qxe3 33.fxe3 Rxd1+ 34.Rxd1 Bxh4 35.Rd7 Re7 36.Rd8+ Re8
37.Rd7 Re7 38.Rd8+ Re8 39.Rd7  1/2-1/2

[Event "TCh-CZE Extraliga 2005-6"]
[Site "Czech Rep CZE"]
[Date "2005.11.06"]
[Round "4"]
[White "Blatny,P"]
[Black "Chytilek,R"]
[Result "0-1"]
[WhiteElo "2519"]
[BlackElo "2400"]

1.d4 Nf6 2.Nf3 c5 3.c3 e6 4.Bf4 b6 5.e3 Be7 6.h4 Ba6 7.Bxa6 Nxa6 8.h5 h6
9.Nbd2 cxd4 10.exd4 Nc7 11.Ne5 Ncd5 12.Bg3 O-O 13.Qe2 b5 14.Bh4 Rc8 15.g4 d6
16.Nd3 e5 17.dxe5 dxe5 18.g5 Nh7 19.g6 Bxh4 20.gxh7+ Kh8 21.Nxe5 Bf6 22.O-O-O Nf4
23.Qe4 Bxe5 24.Nf3 Bd6 25.Ne5 Qg5 26.Rxd6 Nd3+ 27.Kb1 Nxf2 28.Qd5 Qf5+ 29.Kc1 Nxh1
30.Rd7 Kxh7  0-1

[Event "2nd Bundesliga Ost 2005-6"]
[Site "Austria AUT"]
[Date "2005.11.19"]
[Round "3"]
[White "Tibensky,R"]
[Black "Blatny,P"]
[Result "1/2-1/2"]
[WhiteElo "2432"]
[BlackElo "2519"]

1.Nf3 b6 2.g3 Bb7 3.Bg2 e6 4.O-O f5 5.c4 Nf6 6.d4 Be7 7.d5 Qc8 8.Nc3 O-O
9.Nd4 c6 10.Bf4 Na6 11.Rc1 Nc5 12.b4 Nce4 13.Nxe4 Nxe4 14.b5 c5 15.Nb3 Bf6
16.f3 Ng5 17.Bxg5 Bxg5 18.f4 Bf6 19.e4 fxe4 20.Bxe4 exd5 21.Bxd5+ Kh8 22.Qf3 Bxd5
23.Qxd5 a6 24.a4 axb5 25.axb5 Ra3 26.Nd2 Bd4+ 27.Kh1 Ra2 28.Nf3 d6 29.Ng5 h6
30.Ne6 Re8 31.Rfe1 Bf2 32.Re4 Qb8 33.f5 Qa8 34.f6 gxf6 35.Qf5 Bd4 36.Re1 Rf2
37.Qg6 Rxe6 38.Qxh6+ Kg8 39.Qg6+ Kf8 40.Qh6+ Kg8 41.Qg6+  1/2-1/2

[Event "TCh-CZE Extraliga 2005-6"]
[Site "Czech Rep CZE"]
[Date "2005.12.03"]
[Round "5"]
[White "Blatny,P"]
[Black "Kulhanek,T"]
[Result "0-1"]
[WhiteElo "2519"]
[BlackElo "2392"]

1.e4 c5 2.b3 e6 3.Bb2 d5 4.exd5 exd5 5.Bb5+ Bd7 6.Qe2+ Qe7 7.Bxd7+ Nxd7 8.d4 c4
9.Nc3 Ngf6 10.Nb5 Kd8 11.bxc4 dxc4 12.Ba3 Qxe2+ 13.Nxe2 Bxa3 14.Nxa3 Nb6
15.f3 Re8 16.Kd2 Nfd5 17.Rhe1 Re3 18.c3 Kd7 19.Nc2 Rd3+ 20.Kc1 Re8 21.Ng3 Nxc3
22.Ne4 Nba4 23.Nf2 Ne2+ 24.Kb1 Re6 25.Nxd3 cxd3 26.a3 d2 27.Ka2 dxe1=R 28.Rxe1 Nxd4  0-1

[Event "TCh-CZE Extraliga 2005-6"]
[Site "Czech Rep CZE"]
[Date "2005.12.04"]
[Round "6"]
[White "Votava,J"]
[Black "Blatny,P"]
[Result "1-0"]
[WhiteElo "2545"]
[BlackElo "2519"]

1.g3 e5 2.c4 d6 3.Bg2 Nc6 4.Nc3 Be6 5.d3 Qd7 6.Rb1 g6 7.b4 Bg7 8.b5 Nd8 9.e4 Ne7
10.Be3 c6 11.Qd2 h6 12.Nge2 Bh3 13.O-O h5 14.Bxh3 Qxh3 15.f3 c5 16.Nd1 Qd7
17.Rb3 f6 18.Ra3 Nf7 19.Nec3 O-O 20.Qg2 Kh7 21.Bd2 Bh6 22.Bxh6 Nxh6 23.Ne3 g5
24.Ncd5 Nxd5 25.Nxd5 Ng8 26.Kh1 Kg7 27.f4 Ne7 28.Nxe7 Qxe7 29.Qh3 Rh8 30.fxg5 fxg5
31.Rf5 h4 32.g4 Rhf8 33.Rb3 a6 34.bxa6 bxa6 35.Qe3 Rxf5 36.exf5 e4 37.dxe4 Re8
38.e5 Qxe5 39.Qxg5+ Kf8 40.Qh6+ Kg8 41.Qg6+ Kf8 42.Qh6+ Kg8 43.Kg2 d5 44.Qg6+ Kf8
45.Qh6+ Kg8 46.Kh3 dxc4 47.Qg6+ Kf8 48.Qh6+ Qg7 49.Qxg7+ Kxg7 50.Rc3 Re4
51.Kxh4 Kf6 52.Rf3 Rd4 53.Kh5 Rd3 54.g5+ Kf7 55.Kg4 Rd4+ 56.Kg3 Rd5 57.Kf4 Rd4+
58.Kg3 Rd5 59.h4 c3 60.Rxc3  1-0

[Event "TCh-CZE Extraliga 2005-6"]
[Site "Czech Rep CZE"]
[Date "2006.01.14"]
[Round "7"]
[White "Blatny,P"]
[Black "Cerveny,M"]
[Result "1-0"]
[WhiteElo "2483"]
[BlackElo "2226"]

1.d4 Nf6 2.Nf3 g6 3.Nc3 Bg7 4.e4 O-O 5.e5 Ne8 6.Bc4 c6 7.Bf4 d5 8.Bd3 Bg4
9.h3 Bxf3 10.Qxf3 f6 11.Qg3 Qb6 12.O-O-O fxe5 13.dxe5 Qd4 14.Ne2 Qa4 15.Kb1 Nd7
16.h4 Nc7 17.b3 Qa5 18.h5 Ne6 19.Bd2 Qb6 20.hxg6 Nxe5 21.Qh3  1-0

[Event "TCh-CZE Extraliga 2005-6"]
[Site "Czech Rep CZE"]
[Date "2006.03.25"]
[Round "10"]
[White "Blatny,P"]
[Black "Polasek,J"]
[Result "0-1"]
[WhiteElo "2483"]
[BlackElo "2292"]

1.b3 e5 2.Bb2 Nc6 3.e3 d6 4.Ne2 Nf6 5.d3 d5 6.g3 Be6 7.Bg2 Qd7 8.h3 Bd6 9.Nd2 O-O-O
10.a3 Rhe8 11.b4 a6 12.c3 Bf5 13.Qc2 Kb8 14.g4 Bg6 15.Nb3 h5 16.g5 e4 17.gxf6 exd3
18.Qd2 dxe2 19.Qxd5 Qc8 20.Na5 Nxa5 21.Qxa5 Bd3 22.Qxh5 Rxe3 23.Qxf7 gxf6
24.Qb3 Re7 25.Bc1 Qf5 26.Qd5 Qxd5 27.Bxd5 Be5  0-1

[Event "TCh-CZE Extraliga 2005-6"]
[Site "Czech Rep CZE"]
[Date "2006.03.26"]
[Round "11"]
[White "Gross,Dav CZE"]
[Black "Blatny,P"]
[Result "1/2-1/2"]
[WhiteElo "2383"]
[BlackElo "2483"]

1.e4 c6 2.d4 g6 3.Nc3 d5 4.Nf3 Bg7 5.h3 Nf6 6.e5 Nfd7 7.Be2 Nf8 8.O-O b6
9.Be3 Ba6 10.Qd2 h6 11.a4 e6 12.b4 Bxe2 13.Nxe2 a6 14.b5 Nfd7 15.Rfc1 c5
16.c4 dxc4 17.Rab1 axb5 18.axb5 cxd4 19.Qxd4 O-O 20.Rxc4 Nc5 21.Qxd8 Rxd8
22.Bxc5 bxc5 23.Rxc5 Nd7 24.Rc7 Nxe5 25.Nfd4 Bf8 26.b6 Bd6 27.Rc2 g5 28.b7 Rab8
29.g3 Kh7 30.f4 gxf4 31.gxf4 Rg8+ 32.Kf1 Nd3 33.Nc6 Nb4 34.Nxb4 Rxb7 35.Rcb2 Rb5
36.Nd3 Rh5 37.Nf2 Rh4 38.Ne4 Be7 39.Rb7 Rxh3 40.Nf2 Rh2 41.Rxe7 Rgg2 42.Nd3 Rxe2
43.Rxf7+ Kg6 44.Rbb7 Rd2 45.Rg7+ Kf5 46.Rbf7+ Ke4 47.Ne1 Rhf2+ 48.Kg1 Rxf4
49.Rxf4+ Kxf4 50.Rg6 Kf5 51.Rxh6 e5 52.Nf3 Ra2 53.Nxe5  1/2-1/2

[Event "Czech Open A"]
[Site "Pardubice CZE"]
[Date "2006.07.21"]
[Round "1"]
[White "Ananchenko,I"]
[Black "Blatny,P"]
[Result "0-1"]
[WhiteElo "2250"]
[BlackElo "2449"]

1.d4 b6 2.e4 Bb7 3.Bd3 g6 4.c4 Bg7 5.Nf3 d6 6.O-O Nd7 7.Nc3 e6 8.Be3 Ne7
9.Re1 h6 10.a3 g5 11.h3 Ng6 12.Bf1 O-O 13.Qc2 Qe7 14.Rad1 c5 15.d5 Nde5 16.Nh2 f5
17.exf5 exf5 18.Be2 Rae8 19.Bh5 Qf6 20.Nb5 Re7 21.Nxa7 Nh4 22.Bd2 g4 23.Nb5 Nxg2
24.Rxe5 Rxe5 25.hxg4 Qh4 26.Nf3 Qh3 27.Qd3 Nh4  0-1

[Event "16th North American Open"]
[Site "Las Vegas USA"]
[Date "2006.12.28"]
[Round "5"]
[White "Cheng,X"]
[Black "Blatny,P"]
[Result "1/2-1/2"]
[WhiteElo "2285"]
[BlackElo "2447"]

1.e4 b6 2.d4 Bb7 3.Bd3 g6 4.Nf3 Bg7 5.O-O d6 6.c3 Nd7 7.Qe2 a6 8.Nbd2 e6
9.Re1 Ne7 10.Nf1 h6 11.Bd2 c5 12.h3 Qc7 13.N1h2 b5 14.Rac1 c4 15.Bc2 e5 16.a4 Nc6
17.Be3 Na5 18.Nd2 O-O 19.f4 exd4 20.cxd4 Nc6 21.Nhf3 Nb4 22.Bb1 Qa5 23.axb5 axb5
24.e5 Nd5 25.Ne4 dxe5 26.fxe5 Nxe3 27.Qxe3 Qb4 28.Qf2 Nb6 29.Nh4 Nd5 30.Nd6 Bc6
31.Nhf5 Bd7 32.Be4 Bxf5 33.Bxd5 Rad8 34.Bxf7+ Kh7 35.Nxf5 Rxf7 36.Qh4 Rdf8
37.Nxg7 Rf4 38.Qg3 Kxg7 39.Qc3 Qe7 40.Rc2 Qg5 41.d5 Rf3 42.Qd2 Rd3 43.Qxg5 hxg5
44.d6 Re8 45.Ree2 Rd1+ 46.Kh2 Rd5 47.Rcd2 Rexe5 48.Rxe5 Rxd2 49.Rxb5 Rxd6
50.Rxg5 Rb6 51.Rc5 Rxb2  1/2-1/2

[Event "ch-CZE"]
[Site "Praha CZE"]
[Date "2007.02.07"]
[Round "2"]
[White "Voloshin,L"]
[Black "Blatny,P"]
[Result "1/2-1/2"]
[WhiteElo "2446"]
[BlackElo "2437"]

1.g3 g6 2.Bg2 Bg7 3.d4 d5 4.Nf3 Nf6 5.O-O O-O 6.c3 b6 7.Bf4 Bb7 8.Re1 c5
9.h3 Nc6 10.Ne5 cxd4 11.cxd4 Nxe5 12.Bxe5 Qd7 13.Nc3 Rac8 14.Rc1 Rfd8 15.e3 Ne8  1/2-1/2

[Event "ch-CZE"]
[Site "Praha CZE"]
[Date "2007.02.11"]
[Round "6"]
[White "Blatny,P"]
[Black "Kociscak,J"]
[Result "1-0"]
[WhiteElo "2437"]
[BlackElo "2200"]

1.b3 e5 2.Bb2 Nc6 3.e3 Nf6 4.g3 d5 5.Bg2 Bd6 6.Ne2 O-O 7.d3 Re8 8.Nd2 a5
9.a3 Be6 10.h3 Ne7 11.c4 c6 12.Qc2 Nf5 13.e4 Nd4 14.Nxd4 exd4 15.c5 Bc7 16.O-O Qd7
17.Kh2 dxe4 18.dxe4 Rad8 19.Nf3 d3 20.Qc3 d2 21.Rad1 Qd3 22.Nd4 Qxc3 23.Bxc3 Be5
24.Nxe6 Bxc3 25.Nxd8 Rxd8 26.f4 Rd4 27.e5 Ne4 28.Bxe4 Rxe4 29.Rf2 Re3 30.Rfxd2 Bxd2
31.Rxd2 Kf8 32.Rd8+ Ke7 33.Ra8 Rxb3 34.Rxa5 Rb2+ 35.Kg1 Ke6 36.Ra8 Kd5 37.Rf8 Ke4
38.Kf1 Ke3 39.h4 Rd2 40.Rxf7 Rd1+ 41.Kg2 b5 42.e6 Rd2+ 43.Kh3 Kf3 44.Rd7  1-0

[Event "ch-CZE"]
[Site "Praha CZE"]
[Date "2007.02.12"]
[Round "7"]
[White "Oral,T"]
[Black "Blatny,P"]
[Result "1-0"]
[WhiteElo "2521"]
[BlackElo "2437"]

1.e4 g6 2.d4 c6 3.Nc3 d5 4.h3 Bg7 5.Nf3 Nf6 6.e5 Nfd7 7.Be3 Nf8 8.Qd2 h6
9.Be2 a5 10.a4 b6 11.O-O Ba6 12.Nh2 f5 13.exf6 exf6 14.Rae1 Kf7 15.f4 f5
16.Nf3 Kg8 17.Bf2 Bf6 18.g4 Bc8 19.Ne5 Ra7 20.Kh2 Rg7 21.Rg1 Be7 22.Nd1 Nfd7
23.gxf5 Nxe5 24.dxe5 gxf5 25.e6 c5 26.Bh5 Qd6 27.Bf7+ Kf8 28.Rxg7 Kxg7 29.Qc3+ d4
30.Qg3+ Kf8 31.Rg1 Bf6 32.Qg6 Bg5 33.Bg3 Bd8 34.Qxf5 Qe7 35.Qe5 Rh7 36.Bf2  1-0

[Event "ch-CZE"]
[Site "Praha CZE"]
[Date "2007.02.13"]
[Round "8"]
[White "Blatny,P"]
[Black "Simacek,P"]
[Result "1-0"]
[WhiteElo "2437"]
[BlackElo "2501"]

1.b3 e5 2.Bb2 Nc6 3.e3 d5 4.Bb5 e4 5.d3 Qg5 6.Kf1 Bg4 7.Ne2 Nf6 8.h3 Bxe2+
9.Qxe2 Bd6 10.Nd2 O-O 11.dxe4 dxe4 12.Bxc6 bxc6 13.Rd1 Rfe8 14.Nc4 Bb4 15.a3 Bf8
16.g3 Re6 17.Kg2 h5 18.Rd2 Nd5 19.Rhd1 Be7 20.b4 Bf6 21.h4 Qf5 22.Bxf6 Rxf6
23.Qe1 Nc3 24.Rd8+ Kh7 25.Rxa8 Qf3+ 26.Kg1 Nxd1 27.Nd2 Qxf2+ 28.Qxf2 Rxf2
29.Nxe4 Rxc2 30.Rxa7 Kg6 31.Rxc7 Nxe3 32.a4 Nd5 33.Rb7 Rc4 34.Nc5 Rxb4 35.Rxb4 Nxb4
36.a5 Kf5 37.a6 Nd5 38.Kf2 Nc7 39.a7 Na8 40.Ke3 Ke5 41.Nd3+ Kd6 42.Kf4 Kd5
43.Kg5 Ke4 44.Nf4 c5 45.Nxh5 c4 46.Nf4 c3 47.Ne2 c2 48.h5 Nc7 49.g4 Ke5 50.Kh4 f5
51.gxf5 Kxf5 52.Nd4+ Kf6 53.Nxc2 Na8 54.Kg4 g6 55.h6 g5 56.Kh5 g4 57.Ne3 g3
58.Nd5+ Kf7 59.Nf4 Kf6 60.Kg4 g2 61.Nxg2 Kg6 62.Nf4+ Kxh6 63.Kf5 Kg7 64.Ke6 Nb6
65.Nd5 Na8 66.Kd6 Kf7 67.Kc6  1-0

[Event "ch-CZE"]
[Site "Praha CZE"]
[Date "2007.02.14"]
[Round "9"]
[White "Cvek,R"]
[Black "Blatny,P"]
[Result "1-0"]
[WhiteElo "2530"]
[BlackElo "2437"]

1.e4 g6 2.d4 c6 3.Nc3 d5 4.h3 Bg7 5.Nf3 Nf6 6.e5 Nfd7 7.Be3 Nf8 8.Qd2 h6
9.Bd3 b6 10.O-O Ba6 11.Bxa6 Nxa6 12.a4 e6 13.Rfb1 Nd7 14.b4 Nc7 15.Ne2 c5
16.bxc5 bxc5 17.dxc5 Nxe5 18.Nxe5 Bxe5 19.Bd4 Bxd4 20.Nxd4 g5 21.Rb7 Qc8
22.Rab1 Kf8 23.Qa5 Ne8 24.Rxa7 Rb8 25.Rb6 e5 26.Qb4  1-0